Les contes interdits - Statistiques

Statistiques générales
  • Ce quiz a été pris 22 fois
    12 depuis la dernière actualisation
  • Le résultat moyen est 28 sur 55
Statistiques - réponses
Hint Réponse % Correct
17 La belle et la bête
100%
24 Aladdin
89%
1 Blanche Neige
89%
2 Hansel et Gretel
89%
9 La petite sirène
89%
4 Les 3 petits cochons
89%
3 Peter Pan
89%
12 Boucle d'or
78%
15 Cendrillon
78%
13 La belle au bois dormant
78%
7 Le petit chaperon rouge
78%
23 Le petit poucet
78%
11 (spin-off) Red, le Cavalier rouge
78%
27 Ali Baba et les 40 voleurs
67%
29 Baba Yaga
67%
36 Le petit prince
67%
10 Raiponce
67%
21 Barbe bleue
56%
10 (spin-off) Bastien et Mathis, les orphelins Andersen
56%
1 (recueil) La petite fille aux allumettes
56%
11 La reine des neiges
56%
37 Le lac des cygnes
56%
26 Le magicien d'oz
56%
6 Pinocchio
56%
38 Robin des Bois
56%
35 Bambi
44%
1 (spin-off) Jim, le Poète
44%
7 (spin-off) K.A., la Prédatrice
44%
30 Krampus
44%
32 La bête du Gevaudan
44%
33 La légende de Sleepy Hollow
44%
28 La princesse au petit pois
44%
5 Le joueur de flûte de Hamelin
44%
18 Le livre de la jungle
44%
34 Le roi grenouille
44%
8 Le vilain petit canard
44%
9 (spin-off) Marcel, le gardien des secrets
44%
14 Peau d'âne
44%
12 (spin-off) Alcide, le Bourreau
33%
6 (spin-off) Dr Ward, sculpteur de mémoire
33%
15 (spin-off) Étienne, Démasqué
33%
2 (spin-off) Henry, le Garçon Homard
33%
31 Le bonhomme 7 heures
33%
16 Rumpelstiltskin
33%
19 Scrooge
33%
3 (spin-off) Cam, policière sans limite
22%
25 Casse noisette
22%
16 (spin-off) Gothel, la Sorcière
22%
22 Jack et le haricot magique
22%
4 (spin-off) Klay,le Carnassier
22%
20 Chasse Galerie
11%
8 (spin-off) Nadia, la journaliste déchu
11%
5 (spin-off) Verdier, le Géant
11%
13 (spin-off) Dave, le Marchand
0%
14 (spin-off) Vorace, la créature des abysses sidérales
0%
Aucun quiz correspondant
Distribution des résultats
% des personnes avec chaque résultat
Percentile par nombre de réponses
Votre historique - résultats
Vous n’avez pas pris ce quiz depuis la dernière actualisation